[Event "DVM U20w 2022"]
[Site "Münster GER"]
[Date "2022.12.29"]
[Round "6"]
[White "Hallfarth, Luise"]
[Black "Derling, Charlotte"]
[Result "0-1"]
[Termination "normal"]
[Board "2.4"]
[WhiteElo "1469"]
[BlackElo "1627"]
[WhiteClock "00:06:57"]
[BlackClock "00:02:42"]
[WhiteTeam "SK Nordhorn-Blanke"]
[BlackTeam "USV Halle"]
[PlyCount "72"]
[WhiteFideId "16250222"]
[BlackFideId "16222237"]
[EventCountry "GER"]
[EventRounds "7"]
[EventType "team-swiss"]
[EventDate "2022.12.26"]

1. e4 {[%clk 01:30:55]} {[%emt 00:00:04]} c5 {[%clk 01:30:51]} {[%emt
00:00:09]} 2. Be2 {[%clk 01:31:03]} {[%emt 00:00:21]} Nc6 {[%clk 01:29:07]}
{[%emt 00:02:14]} 3. f4 {[%clk 01:30:49]} {[%emt 00:00:44]} g6 {[%clk
01:26:58]} {[%emt 00:02:39]} 4. d3 {[%clk 01:30:13]} {[%emt 00:01:06]} Bg7
{[%clk 01:26:00]} {[%emt 00:01:29]} 5. Nf3 {[%clk 01:30:30]} {[%emt 00:00:13]}
d6 {[%clk 01:23:01]} {[%emt 00:03:28]} 6. c3 {[%clk 01:29:31]} {[%emt
00:01:30]} e5 {[%clk 01:22:15]} {[%emt 00:01:15]} 7. O-O {[%clk 01:23:38]}
{[%emt 00:06:24]} Nge7 {[%clk 01:21:12]} {[%emt 00:01:33]} 8. Na3 {[%clk
01:22:47]} {[%emt 00:01:21]} O-O {[%clk 01:20:03]} {[%emt 00:01:39]} 9. Nc2
{[%clk 01:22:23]} {[%emt 00:00:54]} Rb8 {[%clk 01:09:32]} {[%emt 00:11:01]} 10.
Ne3 {[%clk 01:21:08]} {[%emt 00:01:46]} f6 {[%clk 01:07:46]} {[%emt 00:02:15]}
11. g3 {[%clk 01:09:34]} {[%emt 00:12:05]} b5 {[%clk 01:06:23]} {[%emt
00:01:52]} 12. Nh4 {[%clk 01:08:24]} {[%emt 00:01:41]} a5 {[%clk 01:03:22]}
{[%emt 00:03:31]} 13. Qb3 {[%clk 01:03:59]} {[%emt 00:04:54]} Kh8 {[%clk
01:01:39]} {[%emt 00:02:14]} 14. f5 {[%clk 00:57:43]} {[%emt 00:06:44]} g5
{[%clk 00:59:27]} {[%emt 00:02:45]} 15. Nhg2 {[%clk 00:55:17]} {[%emt
00:02:56]} a4 {[%clk 00:54:48]} {[%emt 00:05:08]} 16. Qc2 {[%clk 00:51:45]}
{[%emt 00:04:02]} d5 {[%clk 00:50:06]} {[%emt 00:05:12]} 17. h4 {[%clk
00:47:04]} {[%emt 00:05:12]} h6 {[%clk 00:47:05]} {[%emt 00:03:31]} 18. Bf3
{[%clk 00:39:54]} {[%emt 00:07:40]} d4 {[%clk 00:44:39]} {[%emt 00:02:56]} 19.
Nd5 {[%clk 00:37:48]} {[%emt 00:02:37]} Nxd5 {[%clk 00:40:32]} {[%emt
00:04:37]} 20. exd5 {[%clk 00:37:40]} {[%emt 00:00:37]} Ne7 {[%clk 00:39:57]}
{[%emt 00:01:04]} 21. cxd4 {[%clk 00:34:30]} {[%emt 00:03:41]} cxd4 {[%clk
00:36:41]} {[%emt 00:03:46]} 22. Qc5 {[%clk 00:33:28]} {[%emt 00:01:29]} Nxf5
{[%clk 00:30:26]} {[%emt 00:06:48]} 23. hxg5 {[%clk 00:32:48]} {[%emt
00:01:10]} fxg5 {[%clk 00:23:27]} {[%emt 00:07:28]} 24. Kh2 {[%clk 00:24:48]}
{[%emt 00:08:30]} Qd6 {[%clk 00:15:28]} {[%emt 00:08:28]} 25. Qc6 {[%clk
00:22:06]} {[%emt 00:03:12]} Rb6 {[%clk 00:14:00]} {[%emt 00:01:58]} 26. Qxd6
{[%clk 00:21:50]} {[%emt 00:00:47]} Rxd6 {[%clk 00:14:16]} {[%emt 00:00:13]}
27. Bd2 {[%clk 00:21:40]} {[%emt 00:00:41]} Rd7 {[%clk 00:10:07]} {[%emt
00:04:39]} 28. Bg4 {[%clk 00:18:21]} {[%emt 00:03:50]} Rxd5 {[%clk 00:08:06]}
{[%emt 00:02:31]} 29. Bb4 {[%clk 00:18:17]} {[%emt 00:00:33]} Rf6 {[%clk
00:06:44]} {[%emt 00:01:53]} 30. Rac1 {[%clk 00:17:40]} {[%emt 00:01:06]} Rd8
{[%clk 00:05:11]} {[%emt 00:02:03]} 31. Rc5 {[%clk 00:15:49]} {[%emt 00:02:21]}
Ne3 {[%clk 00:02:36]} {[%emt 00:03:05]} 32. Nxe3 {[%clk 00:13:15]} {[%emt
00:03:04]} Rxf1 {[%clk 00:02:45]} {[%emt 00:00:20]} 33. Bxc8 {[%clk 00:09:04]}
{[%emt 00:04:41]} dxe3 {[%clk 00:02:31]} {[%emt 00:00:45]} 34. Bh3 {[%clk
00:06:50]} {[%emt 00:02:45]} e2 {[%clk 00:02:05]} {[%emt 00:00:56]} 35. Rc2
{[%clk 00:06:35]} {[%emt 00:00:44]} e1=Q {[%clk 00:02:16]} {[%emt 00:00:19]}
36. Bxe1 {[%clk 00:06:57]} {[%emt 00:00:08]} Rxe1 {[%clk 00:02:42]} {[%emt
00:00:05]} 0-1

[Event "DVM U20w 2022"]
[Site "Münster GER"]
[Date "2022.12.29"]
[Round "6"]
[White "Müdder, Melanie"]
[Black "Klahold, Rona"]
[Result "0-1"]
[Termination "normal"]
[Board "3.1"]
[WhiteElo "1927"]
[BlackElo "1553"]
[WhiteClock "00:09:19"]
[BlackClock "00:14:29"]
[WhiteTeam "Schachgesellschaft Solingen e. V."]
[BlackTeam "Schachclub Porta Westfalica 1950"]
[PlyCount "112"]
[WhiteFideId "12994103"]
[BlackFideId "16222970"]
[EventCountry "GER"]
[EventRounds "7"]
[EventType "team-swiss"]
[EventDate "2022.12.26"]

1. e4 {[%clk 01:30:48]} {[%emt 00:00:11]} e5 {[%clk 01:30:49]} {[%emt
00:00:11]} 2. Nf3 {[%clk 01:31:09]} {[%emt 00:00:08]} Nc6 {[%clk 01:31:06]}
{[%emt 00:00:13]} 3. Bc4 {[%clk 01:30:57]} {[%emt 00:00:42]} Bc5 {[%clk
01:31:00]} {[%emt 00:00:36]} 4. c3 {[%clk 01:30:41]} {[%emt 00:00:45]} Nf6
{[%clk 01:30:43]} {[%emt 00:00:47]} 5. d4 {[%clk 01:30:23]} {[%emt 00:00:48]}
exd4 {[%clk 01:29:36]} {[%emt 00:01:38]} 6. O-O {[%clk 01:30:37]} {[%emt
00:00:16]} Nxe4 {[%clk 01:17:20]} {[%emt 00:12:45]} 7. cxd4 {[%clk 01:30:58]}
{[%emt 00:00:09]} Be7 {[%clk 01:06:39]} {[%emt 00:11:11]} 8. d5 {[%clk
01:25:16]} {[%emt 00:06:11]} Nb8 {[%clk 00:58:06]} {[%emt 00:09:03]} 9. Re1
{[%clk 01:22:55]} {[%emt 00:02:51]} Nd6 {[%clk 00:55:28]} {[%emt 00:03:09]} 10.
Bd3 {[%clk 01:21:19]} {[%emt 00:02:05]} O-O {[%clk 00:52:09]} {[%emt 00:03:50]}
11. Nc3 {[%clk 01:20:18]} {[%emt 00:01:31]} Ne8 {[%clk 00:48:27]} {[%emt
00:04:12]} 12. Qc2 {[%clk 01:17:14]} {[%emt 00:03:34]} Nf6 {[%clk 00:45:47]}
{[%emt 00:03:11]} 13. Bg5 {[%clk 01:13:39]} {[%emt 00:04:04]} h6 {[%clk
00:45:02]} {[%emt 00:01:16]} 14. Bf4 {[%clk 01:13:10]} {[%emt 00:00:57]} d6
{[%clk 00:44:26]} {[%emt 00:01:06]} 15. Nd4 {[%clk 01:10:19]} {[%emt 00:03:21]}
Nh5 {[%clk 00:40:47]} {[%emt 00:04:09]} 16. Be3 {[%clk 01:06:41]} {[%emt
00:04:08]} Nd7 {[%clk 00:36:57]} {[%emt 00:04:22]} 17. Qe2 {[%clk 00:58:23]}
{[%emt 00:08:47]} Ne5 {[%clk 00:32:37]} {[%emt 00:04:51]} 18. Bc2 {[%clk
00:55:07]} {[%emt 00:03:44]} Nf6 {[%clk 00:31:34]} {[%emt 00:01:33]} 19. Bf4
{[%clk 00:52:44]} {[%emt 00:02:52]} Bg4 {[%clk 00:29:21]} {[%emt 00:02:44]} 20.
Qd2 {[%clk 00:45:29]} {[%emt 00:07:46]} Nfd7 {[%clk 00:24:28]} {[%emt
00:05:23]} 21. Bxh6 {[%clk 00:12:38]} {[%emt 00:33:20]} Bf6 {[%clk 00:15:43]}
{[%emt 00:09:15]} 22. Bf4 {[%clk 00:11:27]} {[%emt 00:01:41]} Bh5 {[%clk
00:11:59]} {[%emt 00:04:14]} 23. Ne4 {[%clk 00:08:49]} {[%emt 00:03:08]} Re8
{[%clk 00:08:53]} {[%emt 00:03:36]} 24. Nxf6 {[%clk 00:06:19]} {[%emt
00:03:00]} Nxf6 {[%clk 00:08:33]} {[%emt 00:00:50]} 25. Nf5 {[%clk 00:06:19]}
{[%emt 00:00:30]} Qd7 {[%clk 00:07:25]} {[%emt 00:01:39]} 26. Rac1 {[%clk
00:03:18]} {[%emt 00:03:31]} Bg6 {[%clk 00:06:33]} {[%emt 00:01:22]} 27. Ne3
{[%clk 00:02:45]} {[%emt 00:01:03]} Bxc2 {[%clk 00:06:45]} {[%emt 00:00:19]}
28. Qxc2 {[%clk 00:03:14]} {[%emt 00:00:01]} Rac8 {[%clk 00:06:12]} {[%emt
00:01:02]} 29. Bg5 {[%clk 00:02:31]} {[%emt 00:01:12]} Neg4 {[%clk 00:02:49]}
{[%emt 00:03:54]} 30. Bxf6 {[%clk 00:01:06]} {[%emt 00:01:55]} Nxf6 {[%clk
00:03:01]} {[%emt 00:00:18]} 31. Rcd1 {[%clk 00:01:10]} {[%emt 00:00:26]} Qb5
{[%clk 00:02:39]} {[%emt 00:00:52]} 32. a4 {[%clk 00:00:48]} {[%emt 00:00:52]}
Qb4 {[%clk 00:02:38]} {[%emt 00:00:31]} 33. Qe2 {[%clk 00:00:31]} {[%emt
00:00:47]} Qxa4 {[%clk 00:01:20]} {[%emt 00:01:49]} 34. Qf3 {[%clk 00:00:46]}
{[%emt 00:00:15]} Qe4 {[%clk 00:01:02]} {[%emt 00:00:47]} 35. Qh3 {[%clk
00:00:53]} {[%emt 00:00:23]} Rcd8 {[%clk 00:00:51]} {[%emt 00:00:43]} 36. Nf1
{[%clk 00:00:41]} {[%emt 00:00:42]} Qxe1 {[%clk 00:00:59]} {[%emt 00:00:21]}
37. Rxe1 {[%clk 00:01:10]} Rxe1 {[%clk 00:01:23]} {[%emt 00:00:06]} 38. Qc3
{[%clk 00:01:23]} {[%emt 00:00:18]} Re7 {[%clk 00:01:33]} {[%emt 00:00:20]} 39.
Ne3 {[%clk 00:01:27]} {[%emt 00:00:26]} Rc8 {[%clk 00:01:17]} {[%emt 00:00:46]}
40. h3 {[%clk 00:01:31]} {[%emt 00:00:26]} Re5 {[%clk 00:01:03]} {[%emt
00:00:44]} 41. Qb3 {[%clk 00:29:52]} {[%emt 00:02:08]} Rb8 {[%clk 00:26:52]}
{[%emt 00:04:42]} 42. Qa4 {[%clk 00:28:53]} {[%emt 00:01:29]} a6 {[%clk
00:26:45]} {[%emt 00:00:37]} 43. Qd4 {[%clk 00:28:44]} {[%emt 00:00:40]} Re4
{[%clk 00:25:03]} {[%emt 00:02:12]} 44. Qa7 {[%clk 00:28:30]} {[%emt 00:00:44]}
Nd7 {[%clk 00:25:18]} {[%emt 00:00:14]} 45. f3 {[%clk 00:22:01]} {[%emt
00:07:00]} Rb4 {[%clk 00:24:23]} {[%emt 00:01:25]} 46. Nf5 {[%clk 00:21:45]}
{[%emt 00:00:46]} Rb6 {[%clk 00:22:57]} {[%emt 00:01:57]} 47. Ne7 {[%clk
00:14:09]} {[%emt 00:08:06]} Kf8 {[%clk 00:22:42]} {[%emt 00:00:45]} 48. Nc6
{[%clk 00:13:53]} {[%emt 00:00:45]} Rc8 {[%clk 00:17:45]} {[%emt 00:05:28]} 49.
Na5 {[%clk 00:11:56]} {[%emt 00:02:26]} Nc5 {[%clk 00:16:28]} {[%emt 00:01:48]}
50. Nc4 {[%clk 00:12:02]} {[%emt 00:00:24]} Rb4 {[%clk 00:16:05]} {[%emt
00:00:52]} 51. Ne5 {[%clk 00:12:03]} {[%emt 00:00:29]} Ke7 {[%clk 00:15:17]}
{[%emt 00:01:18]} 52. Nd3 {[%clk 00:10:38]} {[%emt 00:01:55]} Rb6 {[%clk
00:13:36]} {[%emt 00:02:11]} 53. Nxc5 {[%clk 00:10:14]} {[%emt 00:00:55]} dxc5
{[%clk 00:13:54]} {[%emt 00:00:12]} 54. b4 {[%clk 00:09:29]} {[%emt 00:01:15]}
cxb4 {[%clk 00:13:49]} {[%emt 00:00:35]} 55. Kf2 {[%clk 00:08:59]} {[%emt
00:01:00]} b3 {[%clk 00:14:09]} {[%emt 00:00:10]} 56. Ke3 {[%clk 00:09:19]}
{[%emt 00:00:09]} b2 {[%clk 00:14:29]} {[%emt 00:00:10]} 0-1

[Event "DVM U20w 2022"]
[Site "Münster GER"]
[Date "2022.12.29"]
[Round "6"]
[White "Duchstein, Anna"]
[Black "Rudolph, Eva"]
[Result "0-1"]
[Termination "normal"]
[Board "3.2"]
[WhiteElo "1636"]
[BlackElo "1818"]
[WhiteClock "00:35:42"]
[BlackClock "00:10:48"]
[WhiteTeam "Schachclub Porta Westfalica 1950"]
[BlackTeam "Schachgesellschaft Solingen e. V."]
[PlyCount "75"]
[WhiteFideId "16261372"]
[BlackFideId "16200594"]
[EventCountry "GER"]
[EventRounds "7"]
[EventType "team-swiss"]
[EventDate "2022.12.26"]

1. e4 {[%clk 01:30:58]} {[%emt 00:00:01]} e5 {[%clk 01:30:53]} {[%emt
00:00:08]} 2. Nf3 {[%clk 01:31:17]} {[%emt 00:00:10]} Nc6 {[%clk 01:31:13]}
{[%emt 00:00:10]} 3. Bb5 {[%clk 01:31:31]} {[%emt 00:00:15]} f5 {[%clk
01:31:29]} {[%emt 00:00:14]} 4. d3 {[%clk 01:26:22]} {[%emt 00:05:39]} fxe4
{[%clk 01:29:43]} {[%emt 00:02:16]} 5. dxe4 {[%clk 01:26:33]} {[%emt 00:00:19]}
Bc5 {[%clk 01:26:10]} {[%emt 00:04:03]} 6. Bc4 {[%clk 01:13:15]} {[%emt
00:13:49]} h6 {[%clk 01:20:14]} {[%emt 00:06:26]} 7. Bxg8 {[%clk 01:11:40]}
{[%emt 00:02:05]} Rxg8 {[%emt 00:01:34]} 8. Qd5 {[%emt 00:00:41]} Bxf2 {[%clk
01:10:05]} {[%emt 00:09:36]} 9. Kxf2 {[%clk 01:11:11]} {[%emt 00:00:45]} Rf8
{[%clk 01:07:13]} {[%emt 00:03:23]} 10. Rf1 {[%clk 01:05:54]} {[%emt 00:05:46]}
d6 {[%clk 01:00:18]} {[%emt 00:07:25]} 11. Kg1 {[%clk 01:01:34]} {[%emt
00:04:51]} Qe7 {[%clk 00:58:19]} {[%emt 00:02:28]} 12. Be3 {[%clk 01:00:19]}
{[%emt 00:01:45]} Be6 {[%clk 00:57:11]} {[%emt 00:01:38]} 13. Qb5 {[%clk
01:00:16]} {[%emt 00:00:33]} O-O-O {[%clk 00:55:56]} {[%emt 00:01:45]} 14. Nc3
{[%clk 00:59:15]} {[%emt 00:01:31]} g5 {[%clk 00:55:54]} {[%emt 00:00:32]} 15.
Nd5 {[%clk 00:57:08]} {[%emt 00:02:37]} Qg7 {[%clk 00:54:28]} {[%emt 00:01:55]}
16. Qc4 {[%clk 00:47:53]} {[%emt 00:09:46]} Bg8 {[%clk 00:51:24]} {[%emt
00:03:34]} 17. b4 {[%clk 00:45:49]} {[%emt 00:02:33]} a6 {[%clk 00:41:16]}
{[%emt 00:10:38]} 18. a4 {[%clk 00:45:00]} {[%emt 00:01:19]} Kd7 {[%clk
00:38:15]} {[%emt 00:03:31]} 19. b5 {[%clk 00:44:42]} {[%emt 00:00:48]} Bxd5
{[%clk 00:36:21]} {[%emt 00:02:24]} 20. Qxd5 {[%clk 00:44:10]} {[%emt
00:01:03]} axb5 {[%clk 00:35:29]} {[%emt 00:01:21]} 21. axb5 {[%clk 00:44:18]}
{[%emt 00:00:23]} Nb8 {[%clk 00:32:05]} {[%emt 00:03:54]} 22. Qxb7 {[%clk
00:44:19]} {[%emt 00:00:29]} Rc8 {[%clk 00:29:17]} {[%emt 00:03:17]} 23. b6
{[%clk 00:41:19]} {[%emt 00:03:31]} Ke6 {[%clk 00:28:02]} {[%emt 00:01:45]} 24.
Ra7 {[%clk 00:40:12]} {[%emt 00:01:37]} Nd7 {[%clk 00:17:09]} {[%emt 00:11:23]}
25. Qd5 {[%clk 00:39:40]} {[%emt 00:01:01]} Ke7 {[%clk 00:17:09]} {[%emt
00:00:30]} 26. Rxc7 {[%clk 00:39:39]} {[%emt 00:00:31]} Rxc7 {[%clk 00:16:16]}
{[%emt 00:01:23]} 27. bxc7 {[%clk 00:40:01]} {[%emt 00:00:09]} Rc8 {[%clk
00:13:44]} {[%emt 00:03:01]} 28. Qb7 {[%clk 00:39:37]} {[%emt 00:00:54]} Qg8
{[%clk 00:12:56]} {[%emt 00:01:17]} 29. Nxg5 {[%clk 00:35:14]} {[%emt
00:04:55]} Rxc7 {[%clk 00:11:32]} {[%emt 00:01:53]} 30. Qxc7 {[%clk 00:35:25]}
{[%emt 00:00:18]} hxg5 {[%clk 00:11:50]} {[%emt 00:00:12]} 31. Rd1 {[%clk
00:35:25]} {[%emt 00:00:30]} Qg6 {[%clk 00:11:38]} {[%emt 00:00:41]} 32. Bxg5
{[%clk 00:35:16]} {[%emt 00:00:40]} Qxg5 {[%clk 00:11:09]} {[%emt 00:01:00]}
33. Qxd6 {[%clk 00:35:39]} {[%emt 00:00:07]} Kf7 {[%clk 00:11:14]} {[%emt
00:00:24]} 34. Qxd7 {[%clk 00:36:02]} {[%emt 00:00:08]} Kg6 {[%clk 00:10:49]}
{[%emt 00:00:55]} 35. Rd6 {[%clk 00:35:59]} {[%emt 00:00:33]} Kh5 {[%clk
00:10:34]} {[%emt 00:00:45]} 36. Qh7 {[%clk 00:35:03]} {[%emt 00:01:25]} Kg4
{[%clk 00:10:48]} {[%emt 00:00:17]} 37. Qh3 {[%clk 00:35:23]} {[%emt 00:00:10]}
Kf4 {[%clk 00:10:48]} {[%emt 00:00:31]} 38. Qf3# {[%clk 00:35:42]} {[%emt
00:00:10]} 0-1

[Event "DVM U20w 2022"]
[Site "Münster GER"]
[Date "2022.12.29"]
[Round "6"]
[White "Sereda, Yaroslava"]
[Black "Schmidt, Inga"]
[Result "1-0"]
[Termination "normal"]
[Board "3.3"]
[WhiteElo "1885"]
[BlackElo "1163"]
[WhiteClock "01:30:58"]
[BlackClock "01:30:39"]
[WhiteTeam "Schachgesellschaft Solingen e. V."]
[BlackTeam "Schachclub Porta Westfalica 1950"]
[PlyCount "75"]
[WhiteFideId "14178940"]
[BlackFideId "16284526"]
[EventCountry "GER"]
[EventRounds "7"]
[EventType "team-swiss"]
[EventDate "2022.12.26"]

1. e4 e5 2. Nf3 Nc6 3. Bb5 f5 4. d3 fxe4 5. dxe4 Bc5 6. Bc4 h6 7. Bxg8 Rxg8 8.
Qd5 Bxf2 9. Kxf2 Rf8 10. Rf1 d6 11. Kg1 Qe7 12. Be3 Be6 13. Qb5 O-O-O 14. Nc3
g5 15. Nd5 Qg7 16. Qc4 Bg8 17. b4 a6 18. a4 Kd7 19. b5 Bxd5 20. Qxd5 axb5 21.
axb5 Nb8 22. Qxb7 Rc8 23. b6 Ke6 24. Ra7 Nd7 25. Qd5 Ke7 26. Rxc7 Rxc7 27. bxc7
Rc8 28. Qb7 Qg8 29. Nxg5 Rxc7 30. Qxc7 hxg5 31. Rd1 Qg6 32. Bxg5 Qxg5 33. Qxd6
Kf7 34. Qxd7 Kg6 35. Rd6 Kh5 36. Qh7 Kg4 37. Qh3 {[%clk 01:30:58]} Kf5 {[%clk
01:30:39]} 38. Qf3# {[%clk 01:30:58]} 1-0

[Event "DVM U20w 2022"]
[Site "Münster GER"]
[Date "2022.12.29"]
[Round "6"]
[White "Dieckmann, Phibie"]
[Black "Fetahovic, Sarah"]
[Result "0-1"]
[Termination "normal"]
[Board "3.4"]
[WhiteElo "1020"]
[BlackElo "1340"]
[WhiteClock "00:44:32"]
[BlackClock "00:37:55"]
[WhiteTeam "Schachclub Porta Westfalica 1950"]
[BlackTeam "Schachgesellschaft Solingen e. V."]
[PlyCount "42"]
[WhiteFideId "34607161"]
[BlackFideId "34601546"]
[EventCountry "GER"]
[EventRounds "7"]
[EventType "team-swiss"]
[EventDate "2022.12.26"]

1. e4 {[%clk 01:30:57]} {[%emt 00:00:02]} e5 {[%clk 01:30:55]} {[%emt
00:00:06]} 2. Nf3 {[%clk 01:31:20]} {[%emt 00:00:07]} Nc6 {[%clk 01:31:17]}
{[%emt 00:00:08]} 3. Bc4 {[%clk 01:31:35]} {[%emt 00:00:15]} Bc5 {[%clk
01:31:26]} {[%emt 00:00:21]} 4. Nc3 {[%clk 01:31:26]} {[%emt 00:00:39]} Nf6
{[%clk 01:29:30]} {[%emt 00:02:26]} 5. O-O {[%clk 01:31:06]} {[%emt 00:00:50]}
O-O {[%clk 01:29:22]} {[%emt 00:00:38]} 6. d3 {[%clk 01:30:54]} {[%emt
00:00:42]} d6 {[%clk 01:29:02]} {[%emt 00:00:50]} 7. Bg5 {[%clk 01:30:42]}
{[%emt 00:00:43]} h6 {[%clk 01:29:09]} {[%emt 00:00:23]} 8. Bh4 {[%clk
01:30:43]} {[%emt 00:00:28]} Be6 {[%clk 01:28:44]} {[%emt 00:00:55]} 9. h3
{[%clk 01:27:36]} {[%emt 00:03:38]} Bxc4 {[%clk 01:19:24]} {[%emt 00:09:50]}
10. dxc4 {[%clk 01:26:28]} {[%emt 00:01:37]} Re8 {[%clk 01:16:56]} {[%emt
00:02:58]} 11. Nd5 {[%clk 01:24:40]} {[%emt 00:02:19]} g5 {[%clk 01:16:41]}
{[%emt 00:00:45]} 12. Nxf6 {[%clk 01:18:32]} {[%emt 00:06:37]} Qxf6 {[%clk
01:16:58]} {[%emt 00:00:13]} 13. Bg3 {[%clk 01:17:24]} {[%emt 00:01:39]} Qg6
{[%clk 01:13:11]} {[%emt 00:04:17]} 14. Nd2 {[%clk 01:14:41]} {[%emt 00:03:12]}
h5 {[%clk 01:03:58]} {[%emt 00:09:43]} 15. h4 {[%clk 01:11:45]} {[%emt
00:03:26]} Kh7 {[%clk 01:00:01]} {[%emt 00:04:27]} 16. Nf3 {[%clk 01:10:32]}
{[%emt 00:01:44]} gxh4 {[%clk 00:55:13]} {[%emt 00:05:17]} 17. Bxh4 {[%clk
01:09:52]} {[%emt 00:01:09]} f6 {[%clk 00:50:29]} {[%emt 00:05:14]} 18. Re1
{[%clk 01:05:26]} {[%emt 00:04:56]} Rg8 {[%clk 00:44:02]} {[%emt 00:06:57]} 19.
g3 {[%clk 01:00:54]} {[%emt 00:05:01]} Qg4 {[%clk 00:37:54]} {[%emt 00:06:39]}
20. Bxf6 {[%clk 00:45:29]} {[%emt 00:15:55]} Qxg3 {[%clk 00:37:36]} {[%emt
00:00:49]} 21. Kf1 {[%clk 00:44:32]} {[%emt 00:01:26]} Qxf2# {[%clk 00:37:55]}
{[%emt 00:00:10]} 0-1

[Event "DVM U20w 2022"]
[Site "Münster GER"]
[Date "2022.12.29"]
[Round "6"]
[White "Berghold, Lotta"]
[Black "Henninger, Claire"]
[Result "1/2-1/2"]
[Termination "normal"]
[Board "4.1"]
[WhiteElo "1589"]
[BlackElo "1534"]
[WhiteClock "00:21:26"]
[BlackClock "00:29:41"]
[WhiteTeam "SC Borussia Lichtenberg"]
[BlackTeam "Karlsruher SF 1853 2"]
[PlyCount "87"]
[WhiteFideId "16243463"]
[BlackFideId "16200659"]
[EventCountry "GER"]
[EventRounds "7"]
[EventType "team-swiss"]
[EventDate "2022.12.26"]

1. d4 {[%clk 01:30:57]} {[%emt 00:00:02]} Nf6 {[%clk 01:30:50]} {[%emt
00:00:11]} 2. c4 {[%clk 01:31:22]} {[%emt 00:00:06]} e6 {[%clk 01:31:04]}
{[%emt 00:00:16]} 3. g3 {[%clk 01:31:45]} {[%emt 00:00:07]} d5 {[%clk
01:31:11]} {[%emt 00:00:23]} 4. Bg2 {[%clk 01:32:10]} {[%emt 00:00:05]} Be7
{[%clk 01:28:01]} {[%emt 00:03:39]} 5. Nf3 {[%clk 01:31:40]} {[%emt 00:01:01]}
O-O {[%clk 01:27:08]} {[%emt 00:01:23]} 6. O-O {[%clk 01:31:21]} {[%emt
00:00:49]} b6 {[%clk 01:21:00]} {[%emt 00:06:39]} 7. Qc2 {[%clk 01:26:13]}
{[%emt 00:05:38]} Ne4 {[%clk 01:08:32]} {[%emt 00:12:58]} 8. Nc3 {[%clk
01:21:53]} {[%emt 00:04:50]} Nxc3 {[%clk 01:05:16]} {[%emt 00:03:45]} 9. bxc3
{[%clk 01:19:43]} {[%emt 00:02:40]} c6 {[%clk 01:00:18]} {[%emt 00:05:28]} 10.
Bf4 {[%clk 01:14:23]} {[%emt 00:05:50]} Nd7 {[%clk 00:55:39]} {[%emt 00:05:09]}
11. cxd5 {[%clk 01:08:21]} {[%emt 00:06:31]} cxd5 {[%clk 00:54:31]} {[%emt
00:01:38]} 12. c4 {[%clk 01:05:40]} {[%emt 00:03:12]} Bb7 {[%clk 00:53:51]}
{[%emt 00:01:10]} 13. cxd5 {[%clk 01:00:45]} {[%emt 00:05:24]} Bxd5 {[%clk
00:49:41]} {[%emt 00:04:39]} 14. Rac1 {[%clk 00:53:11]} {[%emt 00:08:05]} Ba3
{[%clk 00:46:08]} {[%emt 00:04:04]} 15. Rcd1 {[%clk 00:50:23]} {[%emt
00:03:18]} Nf6 {[%clk 00:44:20]} {[%emt 00:02:18]} 16. Qa4 {[%clk 00:47:49]}
{[%emt 00:03:03]} Bd6 {[%clk 00:43:33]} {[%emt 00:01:17]} 17. Bd2 {[%clk
00:36:57]} {[%emt 00:11:22]} Qd7 {[%clk 00:40:38]} {[%emt 00:03:24]} 18. Qxd7
{[%clk 00:33:56]} {[%emt 00:03:31]} Nxd7 {[%clk 00:40:51]} {[%emt 00:00:17]}
19. Nh4 {[%clk 00:29:50]} {[%emt 00:04:36]} Bxg2 {[%clk 00:38:26]} {[%emt
00:02:56]} 20. Nxg2 {[%clk 00:29:59]} {[%emt 00:00:20]} Rfc8 {[%clk 00:35:41]}
{[%emt 00:03:16]} 21. Ne3 {[%clk 00:26:30]} {[%emt 00:03:59]} Nf6 {[%clk
00:32:38]} {[%emt 00:03:32]} 22. Rc1 {[%clk 00:21:52]} {[%emt 00:05:09]} Ba3
{[%clk 00:28:06]} {[%emt 00:05:02]} 23. Rxc8 {[%clk 00:22:02]} {[%emt
00:00:20]} Rxc8 {[%clk 00:28:21]} {[%emt 00:00:15]} 24. Rb1 {[%clk 00:22:19]}
{[%emt 00:00:13]} Ne4 {[%clk 00:24:06]} {[%emt 00:04:45]} 25. Bb4 {[%clk
00:16:05]} {[%emt 00:06:44]} Rc1 {[%clk 00:19:38]} {[%emt 00:04:58]} 26. Rxc1
{[%clk 00:16:28]} {[%emt 00:00:07]} Bxc1 {[%clk 00:20:04]} {[%emt 00:00:05]}
27. Nc4 {[%clk 00:14:53]} {[%emt 00:02:04]} b5 {[%clk 00:18:26]} {[%emt
00:02:09]} 28. Nd6 {[%clk 00:13:45]} {[%emt 00:01:37]} Nxd6 {[%clk 00:18:14]}
{[%emt 00:00:42]} 29. Bxd6 {[%clk 00:14:14]} {[%emt 00:00:02]} Bg5 {[%clk
00:13:24]} {[%emt 00:05:19]} 30. f4 {[%clk 00:11:44]} {[%emt 00:03:01]} Bf6
{[%clk 00:11:22]} {[%emt 00:02:32]} 31. Bc5 {[%clk 00:11:58]} {[%emt 00:00:17]}
a6 {[%clk 00:10:56]} {[%emt 00:00:56]} 32. Kf2 {[%clk 00:11:32]} {[%emt
00:00:55]} g5 {[%clk 00:10:15]} {[%emt 00:01:11]} 33. Kf3 {[%clk 00:10:06]}
{[%emt 00:01:56]} gxf4 {[%clk 00:09:34]} {[%emt 00:01:11]} 34. Kxf4 {[%clk
00:07:43]} {[%emt 00:02:53]} Bd8 {[%clk 00:09:28]} {[%emt 00:00:36]} 35. Ke5
{[%clk 00:06:54]} {[%emt 00:01:19]} Bc7 {[%clk 00:08:45]} {[%emt 00:01:14]} 36.
Bd6 {[%clk 00:06:52]} {[%emt 00:00:32]} Ba5 {[%clk 00:06:41]} {[%emt 00:02:33]}
37. Bc5 {[%clk 00:05:08]} {[%emt 00:02:14]} Bc7 {[%clk 00:06:46]} {[%emt
00:00:26]} 38. Bd6 {[%clk 00:05:23]} {[%emt 00:00:15]} Ba5 {[%clk 00:07:10]}
{[%emt 00:00:06]} 39. a3 {[%clk 00:03:34]} {[%emt 00:02:19]} Bc3 {[%clk
00:06:16]} {[%emt 00:01:24]} 40. Bb4 {[%clk 00:02:44]} {[%emt 00:01:20]} Bb2
{[%clk 00:04:55]} {[%emt 00:01:51]} 41. Bc5 {[%clk 00:29:01]} {[%emt 00:04:12]}
a5 {[%clk 00:29:41]} {[%emt 00:05:45]} 42. Ke4 {[%clk 00:21:26]} {[%emt
00:08:04]} Bc3 {[%emt 00:15:44]} 43. Kd3 {[%emt 00:00:01]} b4 {[%emt 00:00:01]}
44. Kc4 {[%emt 00:00:02]} 1/2-1/2